<?xml version="1.0" encoding="UTF-8"?>
<record
    xmlns:xsi="http://www.w3.org/2001/XMLSchema-instance"
    xsi:schemaLocation="http://www.loc.gov/MARC21/slim http://www.loc.gov/standards/marcxml/schema/MARC21slim.xsd"
    xmlns="http://www.loc.gov/MARC21/slim">

  <leader>03017Cam#a22003015a#4500</leader>
  <controlfield tag="003">AR-RoUNA</controlfield>
  <controlfield tag="005">20260515102301.0</controlfield>
  <controlfield tag="008">140529s2014||||ag|||||f     a||1 0|spa d</controlfield>
  <datafield tag="040" ind1=" " ind2=" ">
    <subfield code="a">AR-RoUNA</subfield>
    <subfield code="b">spa</subfield>
    <subfield code="d">AR-RoUNA</subfield>
  </datafield>
  <datafield tag="041" ind1=" " ind2=" ">
    <subfield code="a">spa</subfield>
  </datafield>
  <datafield tag="044" ind1=" " ind2=" ">
    <subfield code="a">ag</subfield>
  </datafield>
  <datafield tag="100" ind1="1" ind2=" ">
    <subfield code="a">Raggio, Graciela</subfield>
    <subfield code="9">25907</subfield>
  </datafield>
  <datafield tag="110" ind1=" " ind2=" ">
    <subfield code="a">Municipalidad de Rosario.</subfield>
    <subfield code="b">Secretar&#xED;a de Planeamiento</subfield>
    <subfield code="9">3167</subfield>
  </datafield>
  <datafield tag="245" ind1="1" ind2=" ">
    <subfield code="a">Modalidades de gesti&#xF3;n alternativas en materia de vivienda /</subfield>
    <subfield code="c">Graciela Raggio</subfield>
  </datafield>
  <datafield tag="260" ind1=" " ind2=" ">
    <subfield code="a">Rosario :</subfield>
    <subfield code="b">CURDIUR;  Centro Universitario Rosario de Investigaciones Urbanas y Regionales</subfield>
    <subfield code="c">1991</subfield>
  </datafield>
  <datafield tag="300" ind1=" " ind2=" ">
    <subfield code="a">13 p ;</subfield>
    <subfield code="c">29x21 cm.</subfield>
  </datafield>
  <datafield tag="490" ind1=" " ind2=" ">
    <subfield code="a">Cuadernos del CURDIUR </subfield>
  </datafield>
  <datafield tag="500" ind1=" " ind2=" ">
    <subfield code="a">La financiaci&#xF3;n del presente trabajo procede de la Municipalidad de Rosario, Secretar&#xED;a de Planeamiento y del Concejo Nacional de Investigaciones Cient&#xED;ficas y T&#xE9;cnicas. La misma ha sido realizada en la sede del Centro Universitario Rosario de Investigaciones Urbanas y Regionales (CURDIUR) de la Facultad de Arquitectura, Planeamiento y Dise&#xF1;o, desde junio de 1986 hasta diciembre de 1987.</subfield>
  </datafield>
  <datafield tag="505" ind1="0" ind2=" ">
    <subfield code="a">No es frecuente que un organismo de planeamiento vinculado a la esfera p&#xFA;blica, al iniciar una tarea de revisi&#xF3;n de sus instrumentos normativos -tal como se ha propuesto realizar la Secretar&#xED;a de Planeamiento de la Municipalidad de Rosario a trav&#xE9;s de la Direcci&#xF3;n General del Plan Director-, reconozca la necesidad de ir desarrollando paralelamente una tarea de profundizaci&#xF3;n de cuestiones te&#xF3;ricas y metodol&#xF3;gicas que realimenten el accionar. Mucho menos frecuente a&#xFA;n es que, para realizar esta tarea, no solo se recurra un trabajo conjunto con los organismos de investigaci&#xF3;n de la universidad, sino que adem&#xE1;s se requiera de &#xE9;stos el desarrollo  -con sus tiempos y con sus m&#xE9;todos-, de una tarea suplementaria de investigaci&#xF3;n que exceda el marco de los r&#xE9;ditos meramente operativos y se aboque a reflexiones m&#xE1;s profundas -de verdadero r&#xE9;dito acad&#xE9;mico- tendientes a cimentar sobre bases m&#xE1;s estables ciertos aspectos del accionar sobre la ciudad. El trabajo que a continuaci&#xF3;n se presenta, si bien se afronta un aspecto parcial -pero no por ello menos protag&#xF3;nico- del accionar urban&#xED;stico, representa a nuestro criterio el primer trabajo sistem&#xE1;tico de an&#xE1;lisis urbano que se realiza en nuestro medio con fines tanto cognoscitivos como operativos, apelando a la puesta a punto de un bagaje metodol&#xF3;gico riguroso, y surge de la confluencia entre inter&#xE9;s de trabajos ya en curso en el Centro Universitario Rosario de Investigaciones urbanas y regionales y las demandas de la municipalidad. </subfield>
  </datafield>
  <datafield tag="610" ind1="2" ind2="4">
    <subfield code="a">Universidad Nacional de Rosario. Facultad de Arquitectura, Planeamiento y Dise&#xF1;o.</subfield>
    <subfield code="b">CURDIUR (Centro Universitario Rosario de Investigaciones Urbanas y Regionales).</subfield>
    <subfield code="9">2924</subfield>
  </datafield>
  <datafield tag="650" ind1=" " ind2=" ">
    <subfield code="a">Urbanismo</subfield>
    <subfield code="z">Rosario (Santa Fe, Argentina)</subfield>
  </datafield>
  <datafield tag="650" ind1=" " ind2=" ">
    <subfield code="a">Viviendas</subfield>
  </datafield>
  <datafield tag="908" ind1=" " ind2=" ">
    <subfield code="a">Imp</subfield>
  </datafield>
  <datafield tag="930" ind1=" " ind2=" ">
    <subfield code="e">12329</subfield>
  </datafield>
  <datafield tag="942" ind1=" " ind2=" ">
    <subfield code="c">LIB</subfield>
    <subfield code="2">udc</subfield>
  </datafield>
  <datafield tag="945" ind1=" " ind2=" ">
    <subfield code="d">2026-05-15</subfield>
    <subfield code="a">MIA</subfield>
  </datafield>
  <datafield tag="980" ind1=" " ind2=" ">
    <subfield code="6">1</subfield>
    <subfield code="a">Maricel Allasia</subfield>
    <subfield code="8">1</subfield>
    <subfield code="g">Maricel Allasia</subfield>
  </datafield>
  <datafield tag="999" ind1=" " ind2=" ">
    <subfield code="c">12413</subfield>
    <subfield code="d">12413</subfield>
  </datafield>
  <datafield tag="952" ind1=" " ind2=" ">
    <subfield code="0">0</subfield>
    <subfield code="1">0</subfield>
    <subfield code="2">cdu</subfield>
    <subfield code="4">0</subfield>
    <subfield code="5">0</subfield>
    <subfield code="7">0</subfield>
    <subfield code="a">AR-RoUNA</subfield>
    <subfield code="b">AR-RoUNA</subfield>
    <subfield code="c">Mos</subfield>
    <subfield code="d">2026-05-15</subfield>
    <subfield code="e">Don</subfield>
    <subfield code="l">0</subfield>
    <subfield code="o">711(821.6.17)  R142</subfield>
    <subfield code="p">18494</subfield>
    <subfield code="t">ej. 1</subfield>
    <subfield code="y">LIB</subfield>
    <subfield code="x"></subfield>
  </datafield>
</record>
